Normal view
MARC view
- Usman Khalid (00000277109)
Entry Personal Name
001 - CONTROL NUMBER
- control field: 116745
003 - CONTROL NUMBER IDENTIFIER
- control field: NUST
005 - DATE AND TIME OF LATEST TRANSACTION
- control field: 20230912170034.0
008 - FIXED-LENGTH DATA ELEMENTS
- fixed length control field: 230912|| aca||aabn | a|a d
040 ## - CATALOGING SOURCE
- Original cataloging agency: NUST
- Transcribing agency: NUST
100 ## - HEADING--PERSONAL NAME
- Personal name: Usman Khalid (00000277109)
670 ## - SOURCE DATA FOUND
- Source citation: Work cat.: (NUST): Usman Khalid (00000277109), Combustion Behaviour Analysis of Coal and Biomass ash Blends /, 2022
